000
00292nam a2200109 4500
999
_c
10170
_d
10170
082
_a
351.77MUB
100
_a
Mubarak, Mohsan
245
_a
Health Coverage in Pakistan an Evaluation for Future Strategy Health for all
260
_a
Rawalpindi,
_b
Army Press,
300
_a
XXII,208P
942
_c
BK